EL ARTE POR DENTRO : (Registro nro. 68567)

Detalles MARC
000 -CABECERA
campo de control de longitud fija 01034nam a22002537a 4500
003 - IDENTIFICADOR DEL NÚMERO DE CONTROL
campo de control BPGM
005 - FECHA Y HORA DE LA ÚLTIMA TRANSACCIÓN
campo de control 20260526222220.0
008 - DATOS DE LONGITUD FIJA--INFORMACIÓN GENERAL
campo de control de longitud fija 260410s1987 mx o|||gr|||| 001 0 spa d
020 ## - NÚMERO INTERNACIONAL ESTÁNDAR DEL LIBRO
Número Internacional Estándar del Libro 968-16-2579-X
040 ## - FUENTE DE LA CATALOGACIÓN
Lengua de catalogación spa
082 04 - NÚMERO DE LA CLASIFICACIÓN DECIMAL DEWEY
Número de edición 701.15
Número de clasificación V34
100 ## - ENTRADA PRINCIPAL--NOMBRE DE PERSONA
Nombre de persona VALLIER. DORA
245 ## - MENCIÓN DE TÍTULO
Título EL ARTE POR DENTRO :
Resto del título CONVERSACIONES CON BRAQUE, LÉQER, VILLON, MIRÓ Y BRANCUSI
260 ## - PUBLICACIÓN, DISTRIBUCIÓN, ETC.
Lugar de publicación, distribución, etc. MÉXICO :
Nombre del editor, distribuidor, etc. FONDO DE CULTURA ENCÓMICA ,
Fecha de publicación, distribución, etc. 1987 .
300 ## - DESCRIPCIÓN FÍSICA
Extensión 138 páginas ;
Dimensiones 13.3 cm x 21 cm
336 ## - TIPO DE CONTENIDO
Fuente rdacontent
Término de tipo de contenido texto
Código de tipo de contenido txt
337 ## - TIPO DE MEDIO
Fuente rdamedia
Nombre/término del tipo de medio sin mediación
Código del tipo de medio n
338 ## - TIPO DE SOPORTE
Fuente rdacarrier
Nombre/término del tipo de soporte volumen
Código del tipo de soporte nc
490 0# - MENCIÓN DE SERIE
Mención de serie CUADERNOS DE LA GACETA
Designación de volumen o secuencia 37
505 ## - NOTA DE CONTENIDO CON FORMATO
Nota de contenido con formato LOS ARTISTAS MODERNOS, CUANDO HAN HECHO DECLARACIONES SOBRE SU TRABAJO, COINCIDEN EN QUE LAS CONSIDERACIONES TEÓRICAS SÓLO PUEDEN SER REFLEXIONES ULTERIORES ACERCA DE HECHOS ARTÍSTICOS QUE LAS PRECEDIERON.
650 ## - PUNTO DE ACCESO ADICIONAL DE MATERIA--TÉRMINO DE MATERIA
Término de materia o nombre geográfico como elemento de entrada LAS ARTES BELLAS ARTES Y ARTES DECORATIVAS
650 ## - PUNTO DE ACCESO ADICIONAL DE MATERIA--TÉRMINO DE MATERIA
Término de materia o nombre geográfico como elemento de entrada FILOSOFÍA DE LAS BELLAS ARTES Y ARTES DECORATIVAS
942 ## - ELEMENTOS DE PUNTO DE ACCESO ADICIONAL (KOHA)
Fuente del sistema de clasificación o colocación Dewey Decimal Classification
Tipo de ítem Koha Consulta Jóvenes y Adultos
Existencias
Estado de retiro Estado de pérdida Fuente del sistema de clasificación o colocación Estado dañado No para préstamo Código de colección Localización permanente Ubicación/localización actual Ubicación en estantería Fecha de adquisición Fuente de adquisición Total de préstamos Signatura topográfica completa Código de barras Fecha visto por última vez Número de copia Precio válido a partir de Tipo de ítem Koha
    Dewey Decimal Classification   Préstamo en Sala Colección General BFC BIBLIOTECA PÚBLICA CENTRAL ESTATAL “FRANCISCO CERVANTES” BIBLIOTECA PÚBLICA CENTRAL ESTATAL “FRANCISCO CERVANTES” ACCESO "B" PLANTA BAJA 05/26/2026 DGB   701.15 / V34 25644 04/10/2026 ej, 1 04/10/2026 General jóvenes y Adultos
    Dewey Decimal Classification       BIBLIOTECA PÚBLICA CENTRAL ESTATAL “FRANCISCO CERVANTES” BIBLIOTECA PÚBLICA CENTRAL ESTATAL “FRANCISCO CERVANTES” ACCESO "B" PLANTA BAJA 05/26/2026 DGB   701.15 / V34 25645 04/10/2026 ej. 2 04/10/2026 General jóvenes y Adultos